|
|
|
|
| LEADER |
02294nam a22005775i 4500 |
| 001 |
978-3-540-32631-1 |
| 003 |
DE-He213 |
| 005 |
20151103123609.0 |
| 007 |
cr nn 008mamaa |
| 008 |
100421s2006 gw | s |||| 0|eng d |
| 020 |
|
|
|a 9783540326311
|9 978-3-540-32631-1
|
| 024 |
7 |
|
|a 10.1007/11679363
|2 doi
|
| 040 |
|
|
|d GrThAP
|
| 050 |
|
4 |
|a TK7874.6
|
| 072 |
|
7 |
|a UYQE
|2 bicssc
|
| 072 |
|
7 |
|a COM025000
|2 bisacsh
|
| 082 |
0 |
4 |
|a 004.6
|2 23
|
| 245 |
1 |
0 |
|a Independent Component Analysis and Blind Signal Separation
|h [electronic resource] :
|b 6th International Conference, ICA 2006, Charleston, SC, USA, March 5-8, 2006. Proceedings /
|c edited by Justinian Rosca, Deniz Erdogmus, José C. Príncipe, Simon Haykin.
|
| 264 |
|
1 |
|a Berlin, Heidelberg :
|b Springer Berlin Heidelberg,
|c 2006.
|
| 300 |
|
|
|a XXI, 980 p.
|b online resource.
|
| 336 |
|
|
|a text
|b txt
|2 rdacontent
|
| 337 |
|
|
|a computer
|b c
|2 rdamedia
|
| 338 |
|
|
|a online resource
|b cr
|2 rdacarrier
|
| 347 |
|
|
|a text file
|b PDF
|2 rda
|
| 490 |
1 |
|
|a Lecture Notes in Computer Science,
|x 0302-9743 ;
|v 3889
|
| 505 |
0 |
|
|a Algorithms and Architectures -- Applications -- Medical Applications -- Speech and Signal Processing -- Theory -- Visual and Sensory Processing.
|
| 650 |
|
0 |
|a Computer science.
|
| 650 |
|
0 |
|a Special purpose computers.
|
| 650 |
|
0 |
|a Coding theory.
|
| 650 |
|
0 |
|a Computers.
|
| 650 |
|
0 |
|a Algorithms.
|
| 650 |
|
0 |
|a Statistics.
|
| 650 |
1 |
4 |
|a Computer Science.
|
| 650 |
2 |
4 |
|a Special Purpose and Application-Based Systems.
|
| 650 |
2 |
4 |
|a Algorithm Analysis and Problem Complexity.
|
| 650 |
2 |
4 |
|a Computation by Abstract Devices.
|
| 650 |
2 |
4 |
|a Coding and Information Theory.
|
| 650 |
2 |
4 |
|a Statistics and Computing/Statistics Programs.
|
| 650 |
2 |
4 |
|a Signal, Image and Speech Processing.
|
| 700 |
1 |
|
|a Rosca, Justinian.
|e editor.
|
| 700 |
1 |
|
|a Erdogmus, Deniz.
|e editor.
|
| 700 |
1 |
|
|a Príncipe, José C.
|e editor.
|
| 700 |
1 |
|
|a Haykin, Simon.
|e editor.
|
| 710 |
2 |
|
|a SpringerLink (Online service)
|
| 773 |
0 |
|
|t Springer eBooks
|
| 776 |
0 |
8 |
|i Printed edition:
|z 9783540326304
|
| 830 |
|
0 |
|a Lecture Notes in Computer Science,
|x 0302-9743 ;
|v 3889
|
| 856 |
4 |
0 |
|u http://dx.doi.org/10.1007/11679363
|z Full Text via HEAL-Link
|
| 912 |
|
|
|a ZDB-2-SCS
|
| 912 |
|
|
|a ZDB-2-LNC
|
| 950 |
|
|
|a Computer Science (Springer-11645)
|